[Event "46. Villa de Mislata - Open A 2012"]
[Site "Mislata ESP"]
[Date "2012.08.16"]
[Round "5.7"]
[White "Uran Bermudez, Oliver Kevin"]
[Black "Diez Fraile, David"]
[Result "1-0"]
[WhiteElo "2135"]
[BlackElo "2202"]
[PlyCount "113"]
[EventDate "2012.08.13"]
[EventType "tourn"]
[EventRounds "9"]
[EventCountry "ESP"]
[EventCategory "2"]
[Source "lmi"]
[SourceDate "2012.08.13"]

1. e4 c5 2. Nf3 d6 3. d4 cxd4 4. Nxd4 Nf6 5. Nc3 g6 6. Bg5 Bg7 7. Bb5+ Bd7 8.
Qe2 O-O 9. O-O-O Qa5 10. Nb3 Bxb5 11. Qxb5 Qxb5 12. Nxb5 Nc6 13. Rhe1 Rac8 14.
Kb1 h6 15. Bc1 Rfd8 16. Nc3 Nd7 17. Nd5 Kf8 18. f4 Nc5 19. Nxc5 dxc5 20. Be3 b6
21. f5 g5 22. h4 Bd4 23. Bc1 f6 24. hxg5 hxg5 25. c3 Be5 26. Rh1 Kg7 27. Kc2
Bd6 28. Kd3 Ne5+ 29. Ke2 Rh8 30. b3 Rxh1 31. Rxh1 Rh8 32. Rxh8 Kxh8 33. b4 Kg8
34. Be3 Kf7 35. a4 Ke8 36. a5 cxb4 37. cxb4 bxa5 38. b5 a4 39. Bxa7 a3 40. Bd4
a2 41. Ba1 Nc4 42. Kd3 Be5 43. Kxc4 Bxa1 44. Nb4 Kd7 45. Nxa2 e6 46. Kc5 exf5
47. exf5 Bb2 48. Kd5 Kc7 49. Ke6 Kb6 50. Nb4 Kxb5 51. Nd5 Kc4 52. Nxf6 Kd3 53.
Nh5 Ke2 54. f6 Kf2 55. g4 Kf3 56. Kf5 Bxf6 57. Nxf6 1-0

[Event "46. Villa de Mislata - Open A 2012"]
[Site "Mislata ESP"]
[Date "2012.08.16"]
[Round "5.8"]
[White "Mingarro Carceller, Sergi"]
[Black "Ribera Cebolla, Marc"]
[Result "1-0"]
[WhiteElo "2158"]
[BlackElo "1865"]
[PlyCount "49"]
[EventDate "2012.08.13"]
[EventType "tourn"]
[EventRounds "9"]
[EventCountry "ESP"]
[EventCategory "2"]
[Source "lmi"]
[SourceDate "2012.08.13"]

1. e4 c5 2. Nf3 e6 3. d4 cxd4 4. Nxd4 a6 5. Nc3 Qc7 6. Bd3 Nf6 7. f4 d6 8. Qf3
Nbd7 9. g4 g6 10. Be3 b5 11. O-O-O Bb7 12. Kb1 Be7 13. Rhf1 b4 14. Nce2 Nc5 15.
Ng3 h5 16. g5 Nfd7 17. Nb3 Rh7 18. h4 Rc8 19. Qf2 a5 20. f5 Ne5 21. Nxc5 dxc5
22. Bf4 Bd6 23. fxg6 Rg7 24. Bb5+ Ke7 25. Nxh5 1-0

[Event "46. Villa de Mislata - Open A 2012"]
[Site "Mislata ESP"]
[Date "2012.08.16"]
[Round "5.9"]
[White "Plaza Agudo, Juan Francisco"]
[Black "Sanchez Guirado, Francisco"]
[Result "0-1"]
[WhiteElo "2022"]
[BlackElo "2357"]
[PlyCount "68"]
[EventDate "2012.08.13"]
[EventType "tourn"]
[EventRounds "9"]
[EventCountry "ESP"]
[EventCategory "2"]
[Source "lmi"]
[SourceDate "2012.08.13"]

1. Nf3 Nf6 2. d4 e6 3. e3 b6 4. Bd3 Bb7 5. Nbd2 Be7 6. O-O c5 7. c4 O-O 8. b3
d6 9. Bb2 Nbd7 10. Qe2 Re8 11. Rfd1 Qc7 12. Rac1 Rac8 13. Bb1 Qb8 14. e4 cxd4
15. Nxd4 a6 16. Rc3 Qa8 17. Rg3 Ne5 18. f4 Ng6 19. Rf1 Bf8 20. e5 Nd7 21. Bxg6
hxg6 22. h4 Nc5 23. Re3 b5 24. h5 gxh5 25. Qxh5 g6 26. Qe2 d5 27. cxb5 axb5 28.
N2f3 b4 29. Rd1 Ne4 30. Ng5 Nxg5 31. fxg5 Be7 32. Rg3 Rc5 33. Rf1 Ba6 34. Qf2
Bxf1 0-1

[Event "46. Villa de Mislata - Open A 2012"]
[Site "Mislata ESP"]
[Date "2012.08.16"]
[Round "5.10"]
[White "Montalban Galvez, Antonio"]
[Black "Nieto Tornero, Jose"]
[Result "1-0"]
[WhiteElo "2204"]
[BlackElo "1993"]
[PlyCount "126"]
[EventDate "2012.08.13"]
[EventType "tourn"]
[EventRounds "9"]
[EventCountry "ESP"]
[EventCategory "2"]
[Source "lmi"]
[SourceDate "2012.08.13"]

1. Nf3 Nf6 2. c4 e6 3. g3 b6 4. Bg2 Bb7 5. O-O Be7 6. d4 O-O 7. d5 exd5 8. Nh4
g6 9. cxd5 d6 10. Nc3 Nbd7 11. e4 Re8 12. Re1 Bf8 13. f4 Bg7 14. Be3 a6 15. Bd4
Rb8 16. Qd2 b5 17. Rad1 Nb6 18. b3 Qd7 19. Qb2 Nh5 20. Bxg7 Nxg7 21. Nf3 c5 22.
dxc6 Qxc6 23. Rc1 Qc5+ 24. Kh1 Qh5 25. Qf2 Ba8 26. Nd4 Rec8 27. Bf3 Qh3 28. Nd5
Nxd5 29. exd5 Rc5 30. Rxc5 dxc5 31. Nc6 Re8 32. Kg1 Qd7 33. Rxe8+ Qxe8 34. Qxc5
Qe1+ 35. Kg2 Nf5 36. Qg1 Qd2+ 37. Kh1 Qxa2 38. Nd4 Nd6 39. Qe3 Qa1+ 40. Kg2
Qb2+ 41. Kh3 Bb7 42. g4 Qa3 43. Kg3 Qb4 44. Qe5 Qc5 45. Kg2 a5 46. Nc6 Bxc6 47.
dxc6 Qxe5 48. fxe5 Nc8 49. c7 a4 50. bxa4 bxa4 51. Bb7 Nb6 52. Bd5 Kf8 53. Kf2
Ke7 54. Ke1 f6 55. exf6+ Kxf6 56. Kd2 Ke5 57. Bb7 a3 58. Kc2 Kf4 59. Kb3 Kxg4
60. Kxa3 Nc4+ 61. Kb4 Nd6 62. Kc5 Nxb7+ 63. Kc6 Na5+ 1-0

[Event "46. Villa de Mislata - Open A 2012"]
[Site "Mislata ESP"]
[Date "2012.08.16"]
[Round "6.1"]
[White "Sanchez Saez, Francisco"]
[Black "Jordan Arenas, Manuel"]
[Result "1/2-1/2"]
[WhiteElo "2289"]
[BlackElo "2151"]
[PlyCount "128"]
[EventDate "2012.08.13"]
[EventType "tourn"]
[EventRounds "9"]
[EventCountry "ESP"]
[EventCategory "2"]
[Source "lmi"]
[SourceDate "2012.08.13"]

1. e4 e5 2. Nc3 Nf6 3. f4 d5 4. fxe5 Nxe4 5. Nf3 Bc5 6. d4 Bb4 7. Bd2 c5 8. a3
Bxc3 9. bxc3 Nc6 10. Bd3 Bg4 11. O-O O-O 12. Qe1 cxd4 13. Bxe4 dxe4 14. Qxe4
Bh5 15. e6 Bg6 16. Qg4 Qd5 17. exf7+ Rxf7 18. cxd4 Bxc2 19. Bb4 Rd8 20. Kh1 Bf5
21. Qg3 Be4 22. Ng5 Rxf1+ 23. Rxf1 Nxb4 24. axb4 h6 25. Nf7 Bxg2+ 26. Qxg2
Qxg2+ 27. Kxg2 Rxd4 28. b5 Rd5 29. b6 axb6 30. h4 b5 31. Kg3 b4 32. Rf3 b5 33.
Kf2 b3 34. Nxh6+ gxh6 35. Rxb3 Kf7 36. Kf3 Ke6 37. Rb4 Kd6 38. Ke4 Rh5 39. Kd3
Kc5 40. Kc3 Rf5 41. Rg4 Rf3+ 42. Kb2 Rh3 43. Rf4 b4 44. Rf5+ Kc4 45. Rf4+ Kb5
46. Rf5+ Ka4 47. Rh5 Rh2+ 48. Kc1 Kb3 49. Rxh6 Rh1+ 50. Kd2 Kb2 51. h5 b3 52.
Rh8 Kb1 53. h6 b2 54. h7 Rh6 55. Ke3 Re6+ 56. Kf4 Rh6 57. Kg5 Rh3 58. Kg6 Rb3
59. Kg7 Rb7+ 60. Kf6 Rc7 61. Kg6 Kc1 62. Rb8 Rxh7 63. Kxh7 b1=Q+ 64. Rxb1+ Kxb1
1/2-1/2

[Event "46. Villa de Mislata - Open A 2012"]
[Site "Mislata ESP"]
[Date "2012.08.16"]
[Round "6.2"]
[White "Sos Andreu, Eric"]
[Black "Serna Lara, Sergio"]
[Result "1/2-1/2"]
[WhiteElo "2165"]
[BlackElo "2234"]
[PlyCount "69"]
[EventDate "2012.08.13"]
[EventType "tourn"]
[EventRounds "9"]
[EventCountry "ESP"]
[EventCategory "2"]
[Source "lmi"]
[SourceDate "2012.08.13"]

1. c4 e5 2. Nc3 Nf6 3. g3 Bb4 4. Bg2 O-O 5. Nf3 Re8 6. O-O c6 7. a3 Bf8 8. e4
d5 9. cxd5 cxd5 10. exd5 Nxd5 11. d4 Nxc3 12. bxc3 exd4 13. cxd4 Nc6 14. d5 Na5
15. Bg5 Qb6 16. Be3 Qa6 17. a4 Nc4 18. Bf4 Bd6 19. Qd4 Bf8 20. Rfb1 Nd6 21. a5
Qc4 22. Rc1 Qxd4 23. Nxd4 Rd8 24. Bg5 f6 25. Bf4 g5 26. Be3 Ne8 27. Nb5 a6 28.
Bb6 Rd7 29. Na7 Nd6 30. Bh3 f5 31. Nxc8 Rxc8 32. Rxc8 Nxc8 33. Bxf5 Nxb6 34.
axb6 Rd6 35. Rb1 1/2-1/2

[Event "46. Villa de Mislata - Open A 2012"]
[Site "Mislata ESP"]
[Date "2012.08.16"]
[Round "6.3"]
[White "Picazo Lopez, Juan Antonio"]
[Black "Aymerich Rosell, Pablo"]
[Result "1/2-1/2"]
[WhiteElo "2159"]
[BlackElo "2159"]
[PlyCount "46"]
[EventDate "2012.08.13"]
[EventType "tourn"]
[EventRounds "9"]
[EventCountry "ESP"]
[EventCategory "2"]
[Source "lmi"]
[SourceDate "2012.08.13"]

1. d4 e6 2. c4 Nf6 3. Nc3 Bb4 4. e3 b6 5. Nge2 Ne4 6. Qc2 f5 7. a3 Bxc3+ 8.
Nxc3 Bb7 9. Nxe4 Bxe4 10. Bd3 Bxd3 11. Qxd3 O-O 12. O-O a5 13. b3 Qh4 14. f3 d6
15. Ra2 Nd7 16. Re2 e5 17. dxe5 Nxe5 18. Qd5+ Kh8 19. Bb2 Rae8 20. g3 Qh5 21.
Bxe5 Rxe5 22. Qb7 Qf7 23. Rfe1 Rfe8 1/2-1/2

[Event "46. Villa de Mislata - Open A 2012"]
[Site "Mislata ESP"]
[Date "2012.08.16"]
[Round "6.4"]
[White "Garcia Trobat, Francisco"]
[Black "Fenollar Jorda, Manuel"]
[Result "1-0"]
[WhiteElo "2257"]
[BlackElo "2326"]
[PlyCount "55"]
[EventDate "2012.08.13"]
[EventType "tourn"]
[EventRounds "9"]
[EventCountry "ESP"]
[EventCategory "2"]
[Source "lmi"]
[SourceDate "2012.08.13"]

1. d4 d5 2. c4 c6 3. Nf3 Nf6 4. Nc3 a6 5. e3 b5 6. cxd5 cxd5 7. Bd3 Bg4 8. Bd2
e6 9. a4 b4 10. Ne2 Bxf3 11. gxf3 a5 12. O-O Be7 13. Bb5+ Nbd7 14. Nf4 O-O 15.
Nd3 Bd6 16. Rc1 Rc8 17. Rxc8 Qxc8 18. Qe2 Qb7 19. Nc1 Qa7 20. Nb3 Rc8 21. e4
Bf8 22. e5 Nh5 23. f4 g6 24. f5 exf5 25. Nxa5 Qxa5 26. Bxd7 Rc2 27. e6 Nf4 28.
exf7+ 1-0

[Event "46. Villa de Mislata - Open A 2012"]
[Site "Mislata ESP"]
[Date "2012.08.16"]
[Round "6.5"]
[White "Kovacevic, Slobodan"]
[Black "Mingarro Carceller, Sergi"]
[Result "1-0"]
[WhiteElo "2300"]
[BlackElo "2158"]
[PlyCount "63"]
[EventDate "2012.08.13"]
[EventType "tourn"]
[EventRounds "9"]
[EventCountry "ESP"]
[EventCategory "2"]
[Source "lmi"]
[SourceDate "2012.08.13"]

1. d4 e6 2. Nf3 Nf6 3. Bf4 c5 4. e3 Qb6 5. Qc1 Nc6 6. c3 Nh5 7. Bg3 d5 8. Qc2
Bd7 9. Nbd2 Rc8 10. Nb3 cxd4 11. exd4 Nxg3 12. hxg3 g6 13. Qd2 f6 14. Bd3 Kf7
15. Qf4 Qc7 16. Qg4 e5 17. Rxh7+ Rxh7 18. Qxg6+ Ke6 19. Ng5+ Ke7 20. Qxh7+ Kd8
21. Nf7+ Ke8 22. Bg6 Ne7 23. Nxe5+ Nxg6 24. Qxg6+ Ke7 25. Qf7+ Kd6 26. Qxf6+
Be6 27. Nc5 Qe7 28. Qf4 Qh7 29. O-O-O Ke7 30. Nxe6 Kxe6 31. Re1 Kd6 32. Ng6+
1-0

[Event "46. Villa de Mislata - Open A 2012"]
[Site "Mislata ESP"]
[Date "2012.08.16"]
[Round "6.6"]
[White "Diaz Velandia, Jose Manuel"]
[Black "Mingo Fernandez, Matias"]
[Result "1-0"]
[WhiteElo "2251"]
[BlackElo "2216"]
[PlyCount "141"]
[EventDate "2012.08.13"]
[EventType "tourn"]
[EventRounds "9"]
[EventCountry "ESP"]
[EventCategory "2"]
[Source "lmi"]
[SourceDate "2012.08.13"]

1. d4 d5 2. Nf3 c6 3. c3 Bf5 4. e3 Nd7 5. Bd3 Bxd3 6. Qxd3 Ngf6 7. Nbd2 e6 8.
O-O Be7 9. Re1 O-O 10. e4 dxe4 11. Nxe4 c5 12. Nxf6+ Bxf6 13. dxc5 Nxc5 14. Qb5
Qc7 15. Be3 Nd7 16. Rac1 a6 17. Qb4 Rfc8 18. Red1 Nf8 19. Rd2 b5 20. Rcd1 Qc4
21. Qa5 Qc7 22. Qxc7 Rxc7 23. Bb6 Rcc8 24. Ba5 h6 25. Kf1 g6 26. Nd4 Rc4 27.
Nb3 Be7 28. Bd8 Bxd8 29. Rxd8 Ra7 30. Re8 Kg7 31. Rdd8 Nd7 32. Nd2 Rcc7 33. Ne4
Nf6 34. Nxf6 Kxf6 35. Ke2 Rc6 36. Rd3 a5 37. Rf3+ Kg7 38. Kd2 b4 39. Rb8 bxc3+
40. Rxc3 Rd7+ 41. Rd3 Rdc7 42. Ke3 Rc5 43. a3 Re5+ 44. Kd2 Rec5 45. Rc3 Rd7+
46. Kc2 Rcd5 47. Kb3 Rd2 48. Rf3 f5 49. Ka4 R7d5 50. Rb6 h5 51. b3 R2d4+ 52. b4
axb4 53. axb4 e5 54. Rg3 Rg4 55. Kb3 Rxg3+ 56. hxg3 Rd2 57. Rc6 Rxf2 58. b5 Rd2
59. b6 Rd8 60. Kc4 Kh6 61. Re6 e4 62. Kc5 Kg5 63. b7 Rb8 64. Kc6 f4 65. Rxe4
fxg3 66. Kc7 Rxb7+ 67. Kxb7 h4 68. Kc6 Kh5 69. Kd5 g5 70. Ke5 Kg6 71. Rg4 1-0

[Event "46. Villa de Mislata - Open A 2012"]
[Site "Mislata ESP"]
[Date "2012.08.16"]
[Round "6.7"]
[White "Uran Bermudez, Oliver Kevin"]
[Black "Roca Galarza, Jose"]
[Result "0-1"]
[WhiteElo "2135"]
[BlackElo "2338"]
[PlyCount "98"]
[EventDate "2012.08.13"]
[EventType "tourn"]
[EventRounds "9"]
[EventCountry "ESP"]
[EventCategory "2"]
[Source "lmi"]
[SourceDate "2012.08.13"]

1. e4 Nf6 2. e5 Nd5 3. c4 Nb6 4. d4 d6 5. exd6 cxd6 6. Nf3 g6 7. Nc3 Bg7 8. Be3
O-O 9. Be2 Nc6 10. O-O Bg4 11. b3 d5 12. c5 Nc8 13. h3 Bxf3 14. Bxf3 e6 15. Qd2
N8e7 16. Rac1 Nf5 17. Ne2 Nh4 18. b4 Nxf3+ 19. gxf3 a6 20. f4 Qd7 21. Kg2 Ne7
22. Ng1 a5 23. Rb1 axb4 24. Rxb4 Nc6 25. Rb6 Ra7 26. Rfb1 Rfa8 27. R1b2 Qc8 28.
Qe2 Nxd4 29. Bxd4 Bxd4 30. Rc2 Qc7 31. Nf3 Bxc5 32. Rb5 b6 33. Ne5 Ra5 34. Rxa5
Rxa5 35. h4 Ra4 36. Qb5 Rxf4 37. Qe8+ Kg7 38. Nd7 Rg4+ 39. Kf1 Rc4 40. Rxc4
dxc4 41. h5 gxh5 42. Ke2 c3 43. Kd3 Bb4 44. Kc2 Qc4 45. Qd8 Qxa2+ 46. Kd3 Qd5+
47. Kc2 Qd2+ 48. Kb3 Qb2+ 49. Kc4 b5+ 0-1

[Event "46. Villa de Mislata - Open A 2012"]
[Site "Mislata ESP"]
[Date "2012.08.16"]
[Round "6.8"]
[White "Sanchez Guirado, Francisco"]
[Black "Crecente Penalba, Jose Manuel"]
[Result "1/2-1/2"]
[WhiteElo "2357"]
[BlackElo "2107"]
[PlyCount "76"]
[EventDate "2012.08.13"]
[EventType "tourn"]
[EventRounds "9"]
[EventCountry "ESP"]
[EventCategory "2"]
[Source "lmi"]
[SourceDate "2012.08.13"]

1. g3 c5 2. Bg2 Nc6 3. Nf3 g6 4. O-O Bg7 5. e4 d6 6. c3 e5 7. d3 Nge7 8. a3 a5
9. a4 O-O 10. Na3 h6 11. Nd2 Be6 12. Ndc4 d5 13. exd5 Bxd5 14. Be3 Bxg2 15.
Kxg2 Nf5 16. Qe2 Re8 17. Rad1 b6 18. Qf3 Nce7 19. Nb5 Nd5 20. Bc1 Rb8 21. Rfe1
Qd7 22. Kg1 Nc7 23. Qe4 Nxb5 24. axb5 Re6 25. Na3 Qe8 26. f3 Nd6 27. Qa4 Nf5
28. Be3 Qd7 29. Qe4 Qe8 30. Bf2 Nd6 31. Qa4 Qd7 32. g4 Qb7 33. Re3 Rf6 34. Bg3
Rxf3 35. Re2 Qd5 36. Red2 Bf6 37. Nc4 Bg5 38. Rf2 Rxf2 1/2-1/2

[Event "46. Villa de Mislata - Open A 2012"]
[Site "Mislata ESP"]
[Date "2012.08.16"]
[Round "6.9"]
[White "Montoliu Cervero, Francisco"]
[Black "Rubio Tent, Francisco"]
[Result "1/2-1/2"]
[WhiteElo "2270"]
[BlackElo "2104"]
[PlyCount "42"]
[EventDate "2012.08.13"]
[EventType "tourn"]
[EventRounds "9"]
[EventCountry "ESP"]
[EventCategory "2"]
[Source "lmi"]
[SourceDate "2012.08.13"]

1. e4 d5 2. exd5 Qxd5 3. Nc3 Qd6 4. d4 Nf6 5. Nf3 c6 6. Ne5 Nbd7 7. Nc4 Qc7 8.
a4 Nb6 9. Ne5 Be6 10. a5 Nbd5 11. Nxd5 Bxd5 12. c4 Be4 13. Bf4 Qc8 14. f3 Bg6
15. d5 Qf5 16. g3 e6 17. d6 Nh5 18. d7+ Kd8 19. Bd3 Bb4+ 20. Kf2 Bc5+ 21. Ke1
Bb4+ 1/2-1/2

[Event "46. Villa de Mislata - Open A 2012"]
[Site "Mislata ESP"]
[Date "2012.08.16"]
[Round "6.10"]
[White "Gonzalez Aguirre, Luis"]
[Black "Peña Riasco, Alexander"]
[Result "1-0"]
[WhiteElo "2096"]
[BlackElo "2237"]
[PlyCount "87"]
[EventDate "2012.08.13"]
[EventType "tourn"]
[EventRounds "9"]
[EventCountry "ESP"]
[EventCategory "2"]
[Source "lmi"]
[SourceDate "2012.08.13"]

1. c4 c6 2. Nf3 d5 3. cxd5 cxd5 4. d4 Nf6 5. Nc3 Nc6 6. Bf4 e6 7. e3 Bd6 8.
Bxd6 Qxd6 9. Rc1 O-O 10. Be2 Bd7 11. O-O Rfe8 12. a3 Re7 13. b4 Be8 14. Qb3 Nd8
15. Rc2 Rc7 16. Rfc1 Rac8 17. Ne5 h6 18. h3 Nh7 19. a4 f6 20. Nd3 Qe7 21. Nf4
Bf7 22. Bd3 Nf8 23. b5 b6 24. Na2 Nb7 25. Rxc7 Rxc7 26. Rxc7 Qxc7 27. Qc2 Qe7
28. Qc3 e5 29. Ne2 Na5 30. Nb4 e4 31. Bb1 Qd7 32. Ba2 Ng6 33. Ng3 Ne7 34. Ne2
g5 35. Na6 Nc4 36. Nb4 Nf5 37. Bxc4 dxc4 38. d5 Bxd5 39. Qxf6 Bb7 40. Nc3 Kh7
41. Nc6 Nd6 42. Ne5 Qc7 43. Qg6+ Kh8 44. Qxd6 1-0

[Event "46. Villa de Mislata - Open A 2012"]
[Site "Mislata ESP"]
[Date "2012.08.17"]
[Round "7.1"]
[White "Aymerich Rosell, Pablo"]
[Black "Sanchez Saez, Francisco"]
[Result "1/2-1/2"]
[WhiteElo "2159"]
[BlackElo "2289"]
[PlyCount "34"]
[EventDate "2012.08.13"]
[EventType "tourn"]
[EventRounds "9"]
[EventCountry "ESP"]
[EventCategory "2"]
[Source "lmi"]
[SourceDate "2012.08.13"]

1. d4 g6 2. c4 Bg7 3. e4 d6 4. Nc3 Nc6 5. Be3 e5 6. Nge2 f5 7. exf5 Bxf5 8. a3
Nf6 9. d5 Ne7 10. h3 O-O 11. g4 Bd7 12. Ng3 a6 13. Bg2 c5 14. a4 h6 15. O-O g5
16. Nce4 Nxe4 17. Bxe4 Be8 1/2-1/2

[Event "46. Villa de Mislata - Open A 2012"]
[Site "Mislata ESP"]
[Date "2012.08.17"]
[Round "7.2"]
[White "Sos Andreu, Eric"]
[Black "Garcia Trobat, Francisco"]
[Result "1/2-1/2"]
[WhiteElo "2165"]
[BlackElo "2257"]
[PlyCount "86"]
[EventDate "2012.08.13"]
[EventType "tourn"]
[EventRounds "9"]
[EventCountry "ESP"]
[EventCategory "2"]
[Source "lmi"]
[SourceDate "2012.08.13"]

1. e4 c5 2. c3 Nf6 3. e5 Nd5 4. d4 cxd4 5. Nf3 e6 6. cxd4 b6 7. Bd3 Ba6 8. O-O
Bxd3 9. Qxd3 Be7 10. Nc3 Nxc3 11. bxc3 O-O 12. c4 d5 13. exd6 Qxd6 14. Qe4 Nd7
15. a4 Qc7 16. Bf4 Bd6 17. Bxd6 Qxd6 18. a5 Rac8 19. Rfc1 Rc7 20. axb6 axb6 21.
Ra8 h6 22. Rxf8+ Qxf8 23. h3 Qa3 24. Qe3 Qb4 25. Qc3 Qd6 26. Qb3 Qf4 27. Qe3
Qf5 28. Qb3 g5 29. Qc2 Qxc2 30. Rxc2 f5 31. Kf1 Kf7 32. Ke2 Kf6 33. Kd3 h5 34.
Re2 Ra7 35. Kc3 Ra5 36. Kb4 g4 37. hxg4 hxg4 38. Nd2 Nb8 39. Nb3 Nc6+ 40. Kc3
Ra3 41. Rd2 f4 42. Kb2 Ra4 43. Kc3 Ne7 1/2-1/2

[Event "46. Villa de Mislata - Open A 2012"]
[Site "Mislata ESP"]
[Date "2012.08.17"]
[Round "7.3"]
[White "Serna Lara, Sergio"]
[Black "Jordan Arenas, Manuel"]
[Result "1-0"]
[WhiteElo "2234"]
[BlackElo "2151"]
[PlyCount "65"]
[EventDate "2012.08.13"]
[EventType "tourn"]
[EventRounds "9"]
[EventCountry "ESP"]
[EventCategory "2"]
[Source "lmi"]
[SourceDate "2012.08.13"]

1. d4 Nf6 2. c4 e6 3. Nc3 Bb4 4. Qc2 O-O 5. a3 Bxc3+ 6. Qxc3 b6 7. Bg5 Bb7 8.
Nf3 d5 9. e3 Nbd7 10. cxd5 Bxd5 11. Be2 Qb8 12. Bf4 Rc8 13. O-O Qb7 14. b4 a5
15. Rfc1 Ne4 16. Qb2 Nf8 17. h3 g5 18. Bh2 axb4 19. axb4 Rxa1 20. Rxa1 Ng6 21.
Ba6 Qa8 22. Bxc8 Qxc8 23. Qc1 c5 24. bxc5 bxc5 25. dxc5 e5 26. c6 g4 27. hxg4
Qxg4 28. c7 Nd6 29. Qd1 Qe4 30. Ra4 Qf5 31. Bg3 Qe6 32. Ra6 Bxf3 33. gxf3 1-0

[Event "46. Villa de Mislata - Open A 2012"]
[Site "Mislata ESP"]
[Date "2012.08.17"]
[Round "7.4"]
[White "Diaz Velandia, Jose Manuel"]
[Black "Kovacevic, Slobodan"]
[Result "1/2-1/2"]
[WhiteElo "2251"]
[BlackElo "2300"]
[PlyCount "121"]
[EventDate "2012.08.13"]
[EventType "tourn"]
[EventRounds "9"]
[EventCountry "ESP"]
[EventCategory "2"]
[Source "lmi"]
[SourceDate "2012.08.13"]

1. d4 Nf6 2. Nf3 e6 3. g3 b6 4. Bg2 Bb7 5. O-O c5 6. c3 d6 7. Re1 Nbd7 8. Nbd2
b5 9. e4 e5 10. a4 a6 11. Bf1 Qb6 12. axb5 axb5 13. Rxa8+ Bxa8 14. Qb3 c4 15.
Qa2 Bc6 16. d5 Bb7 17. b3 Ng4 18. Re2 Nc5 19. bxc4 Nd3 20. Qb1 Nxc1 21. Qxc1
bxc4 22. Nxc4 Qc7 23. Ne3 Nxe3 24. Qxe3 Bc8 25. Ra2 Be7 26. Bb5+ Kf8 27. Ra7
Qd8 28. Ra8 g6 29. Ba6 Bxa6 30. Rxd8+ Bxd8 31. c4 Bxc4 32. Nxe5 dxe5 33. Qc5+
Kg7 34. Qxc4 Bf6 35. d6 Rb8 36. Kg2 Rb2 37. Qd5 Rb4 38. f4 Rd4 39. fxe5 Rxd5
40. exf6+ Kf8 41. exd5 Ke8 42. Kf3 Kd7 43. Ke4 Kxd6 44. Kd4 h6 45. Ke4 Kd7 46.
Kd4 Kd6 47. g4 Kc7 48. Kc5 Kd7 49. d6 Kc8 50. Kc6 Kd8 51. d7 h5 52. Kd6 hxg4
53. Kc6 g5 54. Kd6 g3 55. hxg3 g4 56. Ke5 Kxd7 57. Kd5 Kc7 58. Ke5 Kd7 59. Kd5
Kc7 60. Ke5 Kd7 61. Kd5 1/2-1/2

[Event "46. Villa de Mislata - Open A 2012"]
[Site "Mislata ESP"]
[Date "2012.08.17"]
[Round "7.5"]
[White "Roca Galarza, Jose"]
[Black "Picazo Lopez, Juan Antonio"]
[Result "0-1"]
[WhiteElo "2338"]
[BlackElo "2159"]
[PlyCount "86"]
[EventDate "2012.08.13"]
[EventType "tourn"]
[EventRounds "9"]
[EventCountry "ESP"]
[EventCategory "2"]
[Source "lmi"]
[SourceDate "2012.08.13"]

1. Nf3 e6 2. c4 d5 3. d4 Be7 4. g3 Nf6 5. Bg2 O-O 6. O-O c6 7. Qc2 Nbd7 8. Nbd2
b6 9. e4 Bb7 10. e5 Ne8 11. cxd5 cxd5 12. Qb3 a5 13. Qe3 Ba6 14. Re1 Rc8 15. h4
Nb8 16. h5 Nc6 17. a3 a4 18. Nh2 Nc7 19. Ndf3 Na5 20. Qf4 Nb3 21. Qg4 Kh8 22.
Rb1 Bd3 23. Be3 Bf5 24. Qf4 Bxb1 25. Rxb1 f5 26. exf6 gxf6 27. Nh4 Rf7 28. Ng4
Bd6 29. Ne5 Bxe5 30. dxe5 d4 31. Bd2 Nd5 32. Qh6 Nxd2 33. Qxd2 fxe5 34. Re1 Qc7
35. Nf3 Qc2 36. Qg5 Rf5 37. Qh6 Rf6 38. Qg5 e4 39. h6 Rg8 40. Qd2 Qxd2 41. Nxd2
e3 42. fxe3 Nxe3 43. Ne4 Rxh6 0-1

[Event "46. Villa de Mislata - Open A 2012"]
[Site "Mislata ESP"]
[Date "2012.08.17"]
[Round "7.6"]
[White "Fenollar Jorda, Manuel"]
[Black "Gonzalez Aguirre, Luis"]
[Result "1-0"]
[WhiteElo "2326"]
[BlackElo "2096"]
[PlyCount "97"]
[EventDate "2012.08.13"]
[EventType "tourn"]
[EventRounds "9"]
[EventCountry "ESP"]
[EventCategory "2"]
[Source "lmi"]
[SourceDate "2012.08.13"]

1. d4 d5 2. c4 e6 3. Nc3 Nf6 4. cxd5 exd5 5. Bg5 Nbd7 6. e3 c6 7. Qc2 Be7 8.
Bd3 O-O 9. Nge2 Re8 10. O-O Nf8 11. f3 g6 12. Kh1 Ne6 13. Bh4 Nh5 14. Bxe7 Qxe7
15. Rae1 Qg5 16. e4 Bd7 17. g3 Qe3 18. Nf4 Qxd4 19. Nxh5 gxh5 20. exd5 cxd5 21.
Bxh7+ Kh8 22. Bf5 Bc6 23. Bxe6 Rxe6 24. Qf5 Rae8 25. Rxe6 Rxe6 26. Qxf7 Qe5 27.
Qf8+ Kh7 28. Qc5 b6 29. Qf2 d4 30. Ne4 Bxe4 31. fxe4 Qxe4+ 32. Kg1 Qe3 33. Qxe3
Rxe3 34. Kf2 Kg6 35. Re1 Rxe1 36. Kxe1 Kf5 37. h3 Ke4 38. Ke2 d3+ 39. Kd2 Kf3
40. g4 hxg4 41. hxg4 Kxg4 42. Kxd3 Kf5 43. Kc4 Ke4 44. Kb5 Kd3 45. Ka6 Kc2 46.
b4 Kc3 47. a3 Kc4 48. Kxa7 Kb3 49. Kxb6 1-0

[Event "46. Villa de Mislata - Open A 2012"]
[Site "Mislata ESP"]
[Date "2012.08.17"]
[Round "7.7"]
[White "Sanchez Guirado, Francisco"]
[Black "Uran Bermudez, Oliver Kevin"]
[Result "1/2-1/2"]
[WhiteElo "2357"]
[BlackElo "2135"]
[PlyCount "95"]
[EventDate "2012.08.13"]
[EventType "tourn"]
[EventRounds "9"]
[EventCountry "ESP"]
[EventCategory "2"]
[Source "lmi"]
[SourceDate "2012.08.13"]

1. Nf3 d5 2. d4 Nf6 3. c4 c6 4. g3 dxc4 5. Bg2 b5 6. a4 Bb7 7. Ne5 Qc8 8. b3 e6
9. bxc4 b4 10. a5 Be7 11. O-O O-O 12. c5 Rd8 13. Qa4 Rxd4 14. a6 Nxa6 15. Nxc6
Bxc6 16. Qxc6 Nc7 17. Nd2 Ncd5 18. Qxc8+ Rxc8 19. Nb3 Rc4 20. Rxa7 Rc3 21. Na1
Bxc5 22. Rb7 Bxf2+ 23. Kxf2 Ng4+ 24. Kg1 Rxc1 25. Bxd5 Rxf1+ 26. Kxf1 exd5 27.
Rxb4 f5 28. Kg2 Re8 29. Rb2 Ne3+ 30. Kf3 g5 31. Nc2 d4 32. Nxe3 Rxe3+ 33. Kf2
Kf7 34. Rb5 Kf6 35. Rd5 Re4 36. Rd6+ Kg7 37. Rd5 Kg6 38. Rd6+ Kh5 39. h3 g4 40.
h4 f4 41. Rd5+ Kh6 42. Rg5 fxg3+ 43. Kxg3 Re3+ 44. Kxg4 Rxe2 45. Rd5 Re4+ 46.
Kf3 Rxh4 47. Kg3 Re4 48. Kf3 1/2-1/2

[Event "46. Villa de Mislata - Open A 2012"]
[Site "Mislata ESP"]
[Date "2012.08.17"]
[Round "7.8"]
[White "Crecente Penalba, Jose Manuel"]
[Black "Montoliu Cervero, Francisco"]
[Result "1/2-1/2"]
[WhiteElo "2107"]
[BlackElo "2270"]
[PlyCount "90"]
[EventDate "2012.08.13"]
[EventType "tourn"]
[EventRounds "9"]
[EventCountry "ESP"]
[EventCategory "2"]
[Source "lmi"]
[SourceDate "2012.08.13"]

1. d4 Nf6 2. c4 e6 3. g3 Bb4+ 4. Bd2 a5 5. Bg2 O-O 6. Nf3 b6 7. O-O Bb7 8. Nc3
d6 9. a3 Bxc3 10. Bxc3 Ne4 11. Rc1 Nd7 12. Qd3 Nxc3 13. Qxc3 a4 14. Rfd1 Qe7
15. d5 e5 16. e4 Nc5 17. Nd2 Bc8 18. Qe3 f5 19. exf5 Bxf5 20. Be4 Bd7 21. Bg2
Rf7 22. Rf1 Raf8 23. Rce1 Qd8 24. b4 axb3 25. Nxb3 Nxb3 26. Qxb3 Qa8 27. Qb4
Qa6 28. Re3 Ra8 29. Be4 Qc8 30. Qb1 g6 31. Qd3 Qf8 32. Kg2 Qh6 33. Kg1 Qg5 34.
Rf3 Rxf3 35. Qxf3 Ra4 36. h4 Qg4 37. Qf6 Rxc4 38. Qd8+ Kf7 39. Bf3 Qxf3 40.
Qxd7+ Kg8 41. h5 Qxh5 42. Qe8+ Kg7 43. Qe7+ Kh6 44. Kg2 Rf4 45. gxf4 Qg4+
1/2-1/2